Komplexní plánování

Salvato in:
Dettagli Bibliografici
Autore principale: Mervart, Josef
Natura: Libro
Lingua:ceco
Pubblicazione: Praha Státní nakladatelství technické literatury 1983
Tags: Aggiungi Tag
Nessun Tag, puoi essere il primo ad aggiungerne!!

MARC

LEADER 00000nam a2200000 4500
001 c118913
005 20041019155212.7
041 0 |a cze 
044 |a CZ 
245 1 0 |a Komplexní plánování  |c Josef Mervart 
264 1 |a Praha  |b Státní nakladatelství technické literatury  |c 1983 
300 |a 152 s. 
100 1 |a Mervart, Josef